000 00443nam a2200169Ia 4500
005 20250508155732.0
008 008 250505s9999 xx 000 0 hin d
037 _aTextual
040 _aFEDL
_beng
_cFEDL
041 _ahin
_2eng
084 _a294.592, GIT
_qFEDL
245 0 _aSrimadbhagavadgita
260 _aGorakhpur, India
_bGita Press
300 _a542p.
942 _cTEXL
_h294.592, GIT
999 _c1359020
_d1359020